Vista normal
Vista MARC
Entrada Topical Term
Número de registros utilizados en: 1
001 - CONTROL NUMBER
- control field: 13379
003 - CONTROL NUMBER IDENTIFIER
- control field: OSt
005 - DATE AND TIME OF LATEST TRANSACTION
- control field: 20210212104818.0
008 - FIXED-LENGTH DATA ELEMENTS
- fixed length control field: 210212|| aca||aabn | a|a d
040 ## - CATALOGING SOURCE
- Original cataloging agency: OSt
- Transcribing agency: OSt
150 ## - HEADING--TOPICAL TERM
- Topical term or geographic name entry element: Accesibilidad de las personas al medio físico
- General subdivision: Normas técnicas
670 ## - SOURCE DATA FOUND
- Source citation: Work cat.: (OSt)6154: Icontec 11815, Compendio : , 2013